<?xml version="1.0" encoding="UTF-8"?>
<record
    xmlns:xsi="http://www.w3.org/2001/XMLSchema-instance"
    xsi:schemaLocation="http://www.loc.gov/MARC21/slim http://www.loc.gov/standards/marcxml/schema/MARC21slim.xsd"
    xmlns="http://www.loc.gov/MARC21/slim">

  <leader>01062nam0a22003131  4500</leader>
  <controlfield tag="001">v19\rc\1297251</controlfield>
  <controlfield tag="005">20250618020111.0</controlfield>
  <datafield tag="035" ind1=" " ind2=" ">
    <subfield code="a">(NLR Aleph) 004443505</subfield>
  </datafield>
  <datafield tag="090" ind1=" " ind2=" ">
    <subfield code="a">4431037</subfield>
    <subfield code="c">4431037</subfield>
  </datafield>
  <datafield tag="100" ind1=" " ind2=" ">
    <subfield code="a">20060306d1863    |||y0rusy50      ca</subfield>
  </datafield>
  <datafield tag="101" ind1="1" ind2=" ">
    <subfield code="a">rus</subfield>
    <subfield code="c">ger</subfield>
  </datafield>
  <datafield tag="102" ind1=" " ind2=" ">
    <subfield code="a">RU</subfield>
  </datafield>
  <datafield tag="105" ind1=" " ind2=" ">
    <subfield code="a">y   j   |||||</subfield>
  </datafield>
  <datafield tag="200" ind1="1" ind2=" ">
    <subfield code="a">&#x413;&#x440;&#x430;&#x43C;&#x43C;&#x430;&#x442;&#x438;&#x43A;&#x430; &#x43F;&#x43E;&#x43B;&#x44C;&#x441;&#x43A;&#x43E;&#x433;&#x43E; &#x44F;&#x437;&#x44B;&#x43A;&#x430;</subfield>
    <subfield code="f">[&#x421;&#x43E;&#x447;.] &#x421;&#x43C;&#x438;&#x442;&#x430;, &#x43A;&#x430;&#x43D;&#x434;. &#x444;&#x438;&#x43B;&#x43E;&#x43B;&#x43E;&#x433;&#x438;&#x438;</subfield>
    <subfield code="g">&#x41F;&#x435;&#x440;. &#x441; &#x43D;&#x435;&#x43C;. [&#x438; &#x43F;&#x440;&#x435;&#x434;&#x438;&#x441;&#x43B;.] &#x41F;.&#x410;. &#x413;&#x438;&#x43B;&#x44C;&#x442;&#x435;&#x431;&#x440;&#x430;&#x43D;&#x434;&#x442;&#x430;</subfield>
  </datafield>
  <datafield tag="210" ind1=" " ind2=" ">
    <subfield code="a">&#x41C;&#x43E;&#x441;&#x43A;&#x432;&#x430;</subfield>
    <subfield code="c">&#x418;. &#x41A;&#x43E;&#x43B;&#x44C;&#x447;&#x443;&#x433;&#x438;&#x43D;</subfield>
    <subfield code="d">1863</subfield>
  </datafield>
  <datafield tag="215" ind1=" " ind2=" ">
    <subfield code="a">176, V &#x441;.</subfield>
    <subfield code="d">24</subfield>
  </datafield>
  <datafield tag="700" ind1=" " ind2="1">
    <subfield code="a">&#x421;&#x43C;&#x438;&#x442;</subfield>
    <subfield code="b">&#x41A;.&#x412;.</subfield>
    <subfield code="f">1811-1881</subfield>
    <subfield code="g">&#x41A;&#x430;&#x441;&#x43F;&#x435;&#x440; &#x412;&#x438;&#x43B;&#x44C;&#x433;&#x435;&#x43B;&#x44C;&#x43C;</subfield>
  </datafield>
  <datafield tag="702" ind1=" " ind2="1">
    <subfield code="a">&#x413;&#x438;&#x43B;&#x44C;&#x442;&#x435;&#x431;&#x440;&#x430;&#x43D;&#x434;&#x442;</subfield>
    <subfield code="b">&#x41F;.&#x410;.</subfield>
    <subfield code="f">1840-1905</subfield>
    <subfield code="g">&#x41F;&#x435;&#x442;&#x440; &#x410;&#x43D;&#x434;&#x440;&#x435;&#x435;&#x432;&#x438;&#x447;</subfield>
    <subfield code="4">730</subfield>
    <subfield code="4">080</subfield>
  </datafield>
  <datafield tag="801" ind1=" " ind2="0">
    <subfield code="a">RU</subfield>
    <subfield code="b">NLR</subfield>
    <subfield code="g">psbo</subfield>
  </datafield>
  <datafield tag="801" ind1=" " ind2="0">
    <subfield code="a">RU</subfield>
    <subfield code="b">RuMoRGB</subfield>
    <subfield code="2">psbo</subfield>
  </datafield>
  <datafield tag="801" ind1=" " ind2="1">
    <subfield code="a">RU</subfield>
    <subfield code="b">ProSoft-M</subfield>
    <subfield code="2">rusmarc</subfield>
  </datafield>
  <datafield tag="852" ind1=" " ind2=" ">
    <subfield code="a">NLR</subfield>
    <subfield code="j">18.61.4.20</subfield>
  </datafield>
  <datafield tag="899" ind1=" " ind2=" ">
    <subfield code="a">RuMoRGB</subfield>
    <subfield code="j">M 93/10</subfield>
  </datafield>
  <datafield tag="899" ind1=" " ind2=" ">
    <subfield code="a">RuMoRGB</subfield>
    <subfield code="j">U 264/294</subfield>
  </datafield>
  <datafield tag="899" ind1=" " ind2=" ">
    <subfield code="a">&#x411;&#x410;&#x41D;</subfield>
  </datafield>
  <datafield tag="899" ind1=" " ind2=" ">
    <subfield code="a">&#x413;&#x41F;&#x418;&#x411;</subfield>
  </datafield>
  <datafield tag="899" ind1=" " ind2=" ">
    <subfield code="a">&#x41D;&#x411; &#x41C;&#x413;&#x423;</subfield>
  </datafield>
  <datafield tag="942" ind1=" " ind2=" ">
    <subfield code="c">BOOK</subfield>
  </datafield>
  <datafield tag="980" ind1=" " ind2=" ">
    <subfield code="a">NB</subfield>
  </datafield>
  <datafield tag="995" ind1=" " ind2=" ">
    <subfield code="5">2013-10-26</subfield>
    <subfield code="b">NLR02</subfield>
    <subfield code="c">NLR02</subfield>
    <subfield code="e">RFS</subfield>
    <subfield code="f">4443505-10</subfield>
    <subfield code="k">18.61.4.20</subfield>
    <subfield code="o">0</subfield>
    <subfield code="r">BOOK</subfield>
    <subfield code="s">1861420_</subfield>
  </datafield>
  <datafield tag="995" ind1=" " ind2=" ">
    <subfield code="5">2013-10-26</subfield>
    <subfield code="b">NLR01</subfield>
    <subfield code="c">NLR01</subfield>
    <subfield code="e">TEMP</subfield>
    <subfield code="f">4443505-40</subfield>
    <subfield code="o">0</subfield>
    <subfield code="r">BOOK</subfield>
  </datafield>
  <datafield tag="995" ind1=" " ind2=" ">
    <subfield code="5">2013-10-26</subfield>
    <subfield code="b">NLR01</subfield>
    <subfield code="c">NLR01</subfield>
    <subfield code="e">TEMP</subfield>
    <subfield code="f">4443505-50</subfield>
    <subfield code="o">0</subfield>
    <subfield code="r">BOOK</subfield>
  </datafield>
  <datafield tag="995" ind1=" " ind2=" ">
    <subfield code="5">2013-10-26</subfield>
    <subfield code="b">NLR01</subfield>
    <subfield code="c">NLR01</subfield>
    <subfield code="e">TEMP</subfield>
    <subfield code="f">4443505-60</subfield>
    <subfield code="o">0</subfield>
    <subfield code="r">BOOK</subfield>
  </datafield>
</record>
